Guess the Goal Scorers in these Iconic Premier League Matches - Statistics

General Stats
  • This quiz has been taken 97 times
  • The average score is 16 of 39
Answer Stats
Hint Hint Answer % Correct
Manchester United F.C. 1–6 Manchester City F.C. Manchester City Goal 69' Sergio Agüero
98%
Manchester City F.C. 3–2 Queens Park Rangers F.C. Manchester City Goal 90+4' Sergio Agüero
98%
Manchester United F.C. 1–6 Manchester City F.C. Manchester City Goal 89' Edin Džeko
78%
Manchester United F.C. 1–6 Manchester City F.C. Manchester City Goal 90+3' Edin Džeko
78%
Manchester City F.C. 3–2 Queens Park Rangers F.C. Manchester City Goal 90+2' Edin Džeko
78%
Leicester City 5-3 Manchester United Leicester City Goal 79' Jamie Vardy
75%
Manchester United F.C. 1–6 Manchester City F.C. Manchester City Goal 22' Mario Balotelli
73%
Manchester United F.C. 1–6 Manchester City F.C. Manchester City Goal 60' Mario Balotelli
73%
Manchester United F.C. 1–6 Manchester City F.C. Manchester City Goal 90+1' David Silva
66%
Newcastle United 4-4 Arsenal Arsenal Goal 10' Robin Van Persie
64%
Newcastle United 4-4 Arsenal Arsenal Goal 26' Robin Van Persie
64%
Leicester City 5-3 Manchester United Manchester United Goal 13' Robin Van Persie
64%
Newcastle United 4-4 Arsenal Newcastle Goal 87' Cheick Tioté
47%
Manchester City F.C. 3–2 Queens Park Rangers F.C. Queens Park Rangers Goal 48' Djibril Cissé
47%
Newcastle United 4-4 Arsenal Arsenal Goal 1' Theo Walcott
47%
Manchester City F.C. 3–2 Queens Park Rangers F.C. Manchester City Goal 39' Pablo Zabaleta
45%
Leicester City 5-3 Manchester United Manchester United Goal 16' Angel Di Maria
38%
Manchester United F.C. 1–6 Manchester City F.C. Manchester United Goal 81' Darren Fletcher
38%
Newcastle United 4-4 Arsenal Newcastle Goal 68' Joey Barton
36%
Newcastle United 4-4 Arsenal Newcastle Goal 83' Joey Barton
36%
Leicester City 5-3 Manchester United Leicester City Goal 17' Leonardo Ulloa
27%
Leicester City 5-3 Manchester United Leicester City Goal 83' Leonardo Ulloa
27%
Portsmouth F.C. 7–4 Reading F.C. Portsmouth Goal 6' Benjani
25%
Portsmouth F.C. 7–4 Reading F.C. Portsmouth Goal 37' Benjani
25%
Portsmouth F.C. 7–4 Reading F.C. Portsmouth Goal 70' Benjani
25%
Leicester City 5-3 Manchester United Leicester City Goal 64' Esteban Cambiasso
25%
Manchester City F.C. 3–2 Queens Park Rangers F.C. Queens Park Rangers Goal 66' Jamie Mackie
22%
Leicester City 5-3 Manchester United Manchester United Goal 57' Ander Herrera
19%
Portsmouth F.C. 7–4 Reading F.C. Reading Goal 90+4' (o.g) Sol Campbell
19%
Portsmouth F.C. 7–4 Reading F.C. Portsmouth Goal 75' Niko Kranjčar
16%
Newcastle United 4-4 Arsenal Newcastle Goal 75' Leon Best
15%
Portsmouth F.C. 7–4 Reading F.C. Reading Goal 79' Shane Long
14%
Portsmouth F.C. 7–4 Reading F.C. Reading Goal 45' Stephen Hunt
14%
Portsmouth F.C. 7–4 Reading F.C. Reading Goal 48' Dave Kitson
13%
Newcastle United 4-4 Arsenal Arsenal Goal 3' Johan Djourou
13%
Leicester City 5-3 Manchester United Leicester City Goal 62' David Nugent
11%
Portsmouth F.C. 7–4 Reading F.C. Portsmouth Goal 90+2' Sulley Muntari
9%
Portsmouth F.C. 7–4 Reading F.C. Portsmouth Goal 55' Hermann Hreiðarsson
7%
Portsmouth F.C. 7–4 Reading F.C. Portsmouth Goal 81' (o.g.) Ívar Ingimarsson
7%
No matching quizzes found
Score Distribution
Percent of People with Each Score
Percentile by Number Answered
Your Score History
You have not taken this quiz